000 00702 a2200181 4500
003 Nust
005 20170207153215.0
040 _cNust
082 _a005.1
100 _aAttaullah , Hasina (MSCS-13)
245 _aIntelligent vertical handover decision model to Improve QOS
_cHasina Attaullah
260 _bMCS,NUST
_c2009
_aRawalpindi
300 _aix, 56, p.;
505 _aIntroduction (page-1) Literature review (page-6) Research methodology (page-20) System architecture and description (page-23) System design and implementation (page-28)System analysis and results (page-41) Conclusion and future work (page-50)
538 _aAlmirah No 69 Shelf No 4
650 _aPG Thesis
651 _aMSCS-13
942 _cTHS
999 _c181547
_d181547